000
00199 a2200097 4500
001
26012
100
_a
Niordson, F
245
_a
Dynamics of rotors
260
_a
_b
Springer
_c
090
_c
17607
_d
17607
942
_a
NUST-CAE
_c
M
_c
8455
999
_c
261085
_d
261085